000 00613nam a2200229Ia 4500
003 OSt
005 20221006164738.0
006 a|||||r|||| 00| 0
007 ta
008 221006b |||||||| |||| 00| 0 hin d
024 _a3,781
037 _cReference Collections
040 _aFML
_cFML
_bhin
041 _2hin
_ahin
082 _aAk, K5
100 _aKapoor Badrinath Ed.
245 0 _aVAigyanik Paribhasha Kosh
260 _aVaranasi
_bShabdh Lok Prakashan
_c1965
300 _a311
_ccm.
942 _hAk, K5
_cREF
_2CC
999 _c1118319
_d1118319